[Event "EU-Cup 22nd"]
[Site "Fuegen"]
[Date "2006.10.10"]
[Round "3.1"]
[White "Nisipeanu, Liviu Dieter"]
[Black "Fedorov, Alexei"]
[Result "1/2-1/2"]
[WhiteElo "2690"]
[BlackElo "2617"]
[Annotator "Rogozenco,D"]
[PlyCount "68"]
[EventDate "2006.10.08"]
[EventType "team-swiss"]
[EventRounds "7"]
[EventCountry "AUT"]
[SourceTitle "CBM 115"]
[Source "ChessBase"]
[SourceDate "2006.11.15"]
[SourceVersion "1"]
[SourceVersionDate "2006.11.15"]
[SourceQuality "1"]
[WhiteTeam "Clichy Echecs 92"]
[BlackTeam "Minsk Vesnianka"]
[WhiteTeamCountry "FRA"]
[BlackTeamCountry "BLR"]

1. e4 c5 2. c3 Nf6 3. e5 Nd5 4. d4 cxd4 5. Nf3 Nc6 6. cxd4 d6 7. Bc4 Nb6 8. Bb5
dxe5 9. Nxe5 Bd7 10. Nxd7 Qxd7 11. Nc3 e6 12. O-O Rd8 {Black would like to
avoid slightly worse positions arising after 12...Be7 13.Qg4.} 13. a4 {The
idea of Russian GM V.Potkin, designed to weaken Black's queenside.} (13. Bxc6
Qxc6 (13... bxc6 $11) 14. Bg5 f6 (14... Rc8 15. Rc1 $36) (14... Be7 15. Bxe7
Kxe7 16. Qg4 $36) 15. Be3 Be7 16. Qh5+ g6 $13 17. Qh6 Bf8 18. Qh3 Bg7 $14 {/=})
(13. Be3 Be7 14. Qg4 O-O $11) (13. Qg4 {Together with 13.a4 the queen sortie
has the potential to set some problems for Black in this variation.} h5 (13...
Qxd4 14. Qf3 Nd5 15. Bg5 $1 $44) 14. Qe2 $5 (14. Qg3 h4 15. Qf3 a6 16. Bxc6
Qxc6 17. Qxc6+ bxc6 $11 {1-0 Bluvshtein,M (2367)-Charbonneau,P (2422)/Montreal
2002 (45)}) 14... Qxd4 $140 15. Bg5 $44) 13... Be7 (13... a6 14. Bxc6 Qxc6 15.
Bg5 f6 (15... Be7 16. Bxe7 Kxe7 17. Qg4 $36) 16. Be3 Be7 (16... Bb4 17. d5 $1
Nxd5 18. Nxd5 Rxd5 19. Qg4 {[%csl Rb4,Rg7]} Bf8 20. Rac1 $16 {1-0 Potkin,V 
(2493)-Atakisi,U (2358)/Batumi 2002 (29)}) (16... Nd5 17. Rc1 Nxc3 18. Rxc3 Qd5
19. Qg4 $36 {1-0 Vajda,L (2539)-Kulaots,K (2593)/Budapest 2004 (68)}) 17. Rc1 (
17. Qh5+ g6 18. Qh6 Kf7 $13) 17... Kf7 18. Qb3 Rc8 19. Ne2 (19. Rfe1 Rhd8 20.
Ne2 Qd6 21. Nf4 Nd5 22. Nxd5 Qxd5 23. Qxd5 exd5 $11) 19... Qd6 $11 {1/2-1/2
Delgado,N (2526)-Dominguez,L (2602)/Cuba (ch) 2003 (30)}) (13... Qxd4 $2 14.
Qxd4 Rxd4 15. a5 Nc8 16. Be3 $1 (16. a6 Nd6 17. axb7 (17. Ba4 $1) 17... Nxb5
18. Nxb5 Rb4 19. Nxa7 Nd8 $11 {0-1 Vysochin,S (2599)-Grebionkin,V (2423)/
Internet blitz 2004 (72)}) 16... Rb4 17. a6 Nd6 18. Bxc6+ bxc6 19. Bxa7 $18)
14. a5 Nd5 15. a6 Ndb4 $1 $146 {[%mdl 8] This strong new move was suggested by
Fedorov himself in comments to the game versus Godena.} (15... Nc7 16. Ba4 (16.
Bxc6 bxc6 $11) 16... Nxa6 17. Qg4 g6 18. d5 ({Critical is} 18. Bh6 Nab4 19.
Rfd1 $44) 18... exd5 19. Qxd7+ Kxd7 20. Nxd5 Nab4 21. Nxb4 Bxb4 22. Bg5 Rc8 $1
23. Rfd1+ Kc7 24. Bxc6 Kxc6 25. Rxa7 Kb6 {1/2-1/2 Godena,M (2515)-Fedorov,A 
(2600)/Moscow 2004}) (15... O-O 16. axb7 Qxb7 17. Bxc6 Qxc6 18. Rxa7 Bf6 19.
Qa4 Qxa4 20. Rxa4 Nb6 21. Rb4 Bxd4 22. Ne2 Bc5 23. Rb5 Nd7 24. b4 Bd6 25. Bf4 {
1/2-1/2 Congiu,M (2115)-Verot,M (2111)/Besancon BRA 2006/D-TWIC 616-623}) 16.
axb7 ({The attempt} 16. Qg4 {can lead to interesting play:} O-O 17. Rd1 bxa6
18. Ba4 Qb7 19. Bh6 Bf6 20. Ne4 Bxd4 21. Rxd4 f5 22. Rxd8 fxg4 $2 23. Nf6+ $1
Kf7 24. Rd7+ Qxd7 25. Nxd7 Rd8 26. Bd2 $18 {However, all this is not forced.
Black can deviate several times, the last one being 22...Nxd8 (instead of 22...
fxg4), with approximate equality.}) 16... Qxb7 {In order to use the bishop
pair White needs to develop a quick initiative. Otherwise Black will easily
keep equality due to opponent's inferior pawn structure.} 17. Qb3 (17. Qg4 O-O
18. Rd1 Bf6 {is also about equal, but here at least White keeps more pieces on
the board.}) 17... Rd7 {A safe move, enough to hold the balance.} (17... Rxd4 {
looks risky, although there is no direct refutation. For instance:} 18. Bxc6+ (
18. Be3 Rd7) 18... Qxc6 19. Be3 Rg4 20. f3 Rc4 21. Rxa7 Bc5 {and Black is
perfectly fine.}) 18. Ra4 O-O 19. Bxc6 {White failed to achieve even a
slightest advantage and Dieter starts massive exchanges, which lead to
complete equality.} Nxc6 20. Qxb7 Rxb7 21. d5 Nb4 $5 (21... exd5 22. Nxd5 Bd6
23. Rd1 Bb8 $11) 22. dxe6 fxe6 23. Be3 Nd3 24. Rfa1 Rxb2 25. Rxa7 {The
inevitable happened and in spite of few more attempts from White to create
some threats, the draw is unavoidable.} Bc5 26. Bxc5 Nxc5 27. Rc7 Nd3 28. Raa7
Rfxf2 29. Rxg7+ Kf8 30. h3 Nf4 31. Raf7+ Ke8 32. Re7+ Kf8 33. Rgf7+ Kg8 34.
Rg7+ Kf8 1/2-1/2

[Event "Bundesliga 0203"]
[Site "Germany"]
[Date "2003.03.08"]
[Round "12.4"]
[White "Brynell, Stellan"]
[Black "McShane, Luke J"]
[Result "1/2-1/2"]
[WhiteElo "2524"]
[BlackElo "2546"]
[Annotator "Rogozenco,D"]
[PlyCount "71"]
[EventDate "2002.10.19"]
[EventType "team-tourn"]
[EventRounds "15"]
[EventCountry "GER"]
[SourceTitle "CBM 094"]
[Source "ChessBase"]
[SourceDate "2003.05.26"]
[SourceVersion "1"]
[SourceVersionDate "2003.05.26"]
[SourceQuality "1"]
[WhiteTeam "Neukoelln"]
[BlackTeam "Werder Bremen"]
[WhiteTeamCountry "GER"]
[BlackTeamCountry "GER"]

1. e4 c5 2. c3 Nf6 3. e5 Nd5 4. d4 cxd4 5. Nf3 Nc6 6. cxd4 d6 7. Bc4 e6 {
This leads to different kind of positions than 7...Nb6. Black makes a
concession and closes the diagonal for his bishop c8, but as the compensation
he keeps the centralized knight on d5.} (7... Nb6) 8. O-O Be7 {In the arising
pawn structure White usually tries to combine play in the center with a
kingside attack (he has more space there thanks to his pawn on e5). Black must
create counterplay in the center and try to exchange pieces, as it reduces
from White's attacking potential.} 9. Qe2 (9. Nc3 $6 {allows Black to achieve
his task and trade several pieces:} Nxc3 10. bxc3 dxe5 {with a further queens
exchange, when the endgame can easily turn out to be in Black's favour because
of White's pawn weaknesses.}) (9. a3 O-O {is another theoretical line.}) (9.
exd6 Qxd6 10. Nc3 O-O $13 {/=}) 9... O-O 10. Qe4 {The most direct plan, having
the goal to provoke pawn moves after the next Bd3. Besides, White has a large
choice between 10.exd6, 10.a3, 10.Re1, 10.Rd1. Instead, 10.Nc3 is again weaker:
} (10. Nc3 Nxc3 11. bxc3 dxe5 12. dxe5 Qa5 $132) 10... Bd7 11. Bd3 ({Taking
the pawn with} 11. Bxd5 exd5 12. Qxd5 {is a bad idea:} Nb4 13. Qe4 d5 14. Qe2
Bf5 15. Ne1 Nxa2 $1) 11... f5 12. exf6 Nxf6 13. Qe2 Qe8 $5 {The queen goes to
h5, which gives Black a good play.} ({After} 13... Qa5 {with the same idea,
White can stop the queen from going to h5 with} 14. Bc4 d5 15. Bd3 {although
after} Bd6 16. Nc3 Rae8 {The position is about equal.}) 14. Nc3 Qh5 15. Bf4 (
15. a3 Nd5 {is fine for Black}) 15... Qg4 $5 $146 (15... Nd5 16. Nxd5 Qxd5 (
16... exd5 $5 $13) 17. Bc4 Qf5 18. Bg3 Rfe8 19. Rfe1 Bf8 20. Qd2 Qa5 21. Qf4
Nd8 22. Re2 Rc8 23. Bb3 Ba4 24. Bxa4 Qxa4 25. b3 Qc6 26. Rae1 Qd5 27. h3 $11 {
/+/=, 1-0 Kos,T-Sale,S/Pula 1996 (60)}) 16. Be3 (16. Bg3 $2 Nxd4) 16... Kh8 17.
a3 Rae8 18. h3 Qh5 19. Ng5 {Here already White is willing to trade queens,
since he failed to organize any initiative with queens on the board.} (19. Bf4
$6 Nd5 20. Nxd5 exd5 $1 $17) 19... Qxe2 ({Black cannot avoid exchange of
queens:} 19... Qh4 $2 20. g3 Nxd4 21. gxh4 $18) 20. Bxe2 $11 Na5 21. Bb5 (21.
b4 Rc8 $132) 21... Nc6 22. Rac1 h6 23. Nf3 Rc8 24. Nh4 Be8 25. Bd3 (25. Bc4 $2
Nxd4 {[%cal Gc8c4]}) 25... d5 26. Ng6+ Bxg6 27. Bxg6 Bd6 {The bishop pair
doesn't bring White any advantage, since Black is left with good minor pieces.
Also White cannot find a good job for his "bad" bishop e3.} 28. b4 Ne7 29. Bd3
Nf5 30. Ne2 Nxe3 31. fxe3 Rxc1 32. Rxc1 g5 33. Nc3 Rc8 34. Ne2 Rxc1+ 35. Nxc1 {
The position is almost symmetrical and of course absolutely equal.} Kg7 36. Nb3
1/2-1/2

[Event "Bundesliga 0203"]
[Site "Germany"]
[Date "2003.02.08"]
[Round "10.4"]
[White "Seger, Ruediger"]
[Black "Wahls, Matthias"]
[Result "1/2-1/2"]
[WhiteElo "2406"]
[BlackElo "2539"]
[Annotator "Rogozenco,D"]
[PlyCount "48"]
[EventDate "2002.10.19"]
[EventType "team-tourn"]
[EventRounds "15"]
[EventCountry "GER"]
[SourceTitle "CBM 094"]
[Source "ChessBase"]
[SourceDate "2003.05.26"]
[SourceVersion "1"]
[SourceVersionDate "2003.05.26"]
[SourceQuality "1"]
[WhiteTeam "Godesberg"]
[BlackTeam "Hamburger SK"]
[WhiteTeamCountry "GER"]
[BlackTeamCountry "GER"]

1. e4 c5 2. c3 Nf6 3. e5 Nd5 4. d4 cxd4 5. Nf3 e6 6. cxd4 d6 7. a3 {Preparing
Bd3, which doesn't work well at once without a3.} (7. Bc4 {is the main
alternative to 7.a3.}) (7. Bd3 $6 Nb4 $1 8. Be2 dxe5 {Since 9.Nxe5 fails to 9..
.Qxd4 10.Qxd4 Nc2+, White is forced to enter an worse endgame:} 9. dxe5 Qxd1+
$15 {/-/+}) 7... Bd7 $1 {A good plan, known for almost 30 years (played for
the first time in several games back in 1975). the idea is to complete first
the queenside development, using the fact that White wasted time by playing a3
(which means he won't be able to develop a quick initiative on the kingside).
Black's line-up with Bd7-c6 followed by Nd7 is very harmonious. All pieces
will exert pressure on White's center, without commiting any pawn weaknesses
in Black's pawn structure.} 8. Bd3 Bc6 9. O-O Nd7 {The basic position in this
line. White has tried many plans, but everywhere Black reaches comfortable
play.} 10. b4 (10. Re1 Be7 (10... dxe5 11. dxe5 g6 $5) 11. Bc2 Qc7 $11) (10.
Qe2 Qc7 $11) (10. Bd2 Be7 $11) (10. Nbd2 dxe5 11. dxe5 Nc5 12. Bc2 Nb6 {
[%cal Gc5d3] Here one can clearly see the advantage of Black's early queenside
development.}) 10... a6 11. Re1 (11. Qe2 Rc8 12. Bd2 Be7 13. Rc1 (13. a4 Ra8 $1
) 13... O-O 14. Nc3 (14. a4 dxe5 15. b5 Nf4 16. Bxf4 Bxf3 17. Qxf3 exf4 {
is fine for Black}) (14. Qe4 N5f6 $5 15. Qh4 dxe5 16. dxe5 Ne4 17. Qh3 Ndc5 $1
$15 {[%cal Gd8d3] /-/+}) 14... Nxc3 15. Rxc3 Bd5 16. Rxc8 Qxc8 17. Rc1 Qb8 $11
{1/2-1/2 Alavkin,A-Yakovich,Y/Smolensk 1997 (33)}) (11. Nbd2 Nc3 $1 12. Qe1 (
12. Qc2 Rc8 $1) 12... dxe5 13. Ne4 Nxe4 14. Bxe4 Bb5 15. Bxb7 Ra7 16. a4 Bxf1
17. Bc6 Rc7 18. b5 Bc4 19. Bd2 e4 20. Qxe4 Be7 21. Ba5 O-O 22. Qf4 e5 23. Qc1
Be2 24. Bxc7 Qxc7 25. Bxd7 Qxd7 26. Nxe5 Qxd4 27. Nc6 Qf6 28. b6 Bc5 29. Rb1
Qxc6 30. b7 Rb8 {0-1 Berelovich,A-Rublevsky,S/Azov 1996}) 11... Rc8 12. Nbd2 (
12. Ng5 dxe5 13. Nxe6 Qf6 14. Nxf8 Kxf8 15. Be4 exd4 16. Bb2 Nf4 17. Bxd4 Qg5
18. Qf3 Ne6 19. Be3 Qf6 20. Nd2 {1/2-1/2 Brynell,S-Rytshagov,M/Gothenburg 1998.
}) (12. Bg5 Be7 13. Bxe7 Qxe7 14. Nbd2 O-O 15. Ne4 dxe5 16. dxe5 Nf4 17. Bf1
Rfd8 18. Qd4 Ng6 19. Qb2 Bd5 $11 {0-1 Shaked,T-Rublevsky,S/Groningen 1997 (49)}
) 12... dxe5 (12... Nc3 $1 13. Qc2 Bd5 14. Nc4 Bxc4 15. Qxc3 Bd5 16. Qd2 Bxf3
17. gxf3 {In opposite to the game position here the presence of pawns on the
d-file is much in Black's favour, since White cannot exploit the long diagonal
for his light-squared bishop any longer. For instance:} Nb6 18. Be4 d5 19. Bd3
Qh4 $15) 13. dxe5 Nc3 {A standard reaction - after White played b4 and Nbd2,
Black can make use of weakness of square c3.} 14. Qc2 (14. Qb3 Nc5 $1 $17)
14... Bd5 {The threat is Ne2+.} (14... Bb5 15. Nc4 Bxc4 16. Qxc3 {transposes
to the game.}) (14... Ba4 $5) 15. Nc4 $1 Bxc4 16. Qxc3 Bd5 17. Qd2 Bxf3 18.
gxf3 Be7 (18... g6 $5) 19. f4 (19. Be4 Nxe5 20. Qxd8+ (20. Bxb7 Qc7 21. Rxe5
Qxb7 {is of course fine for Black}) 20... Rxd8 21. Bxb7 $13) 19... Nb6 (19...
O-O $5) 20. Be4 $1 {White's broken pawn structure doesn't play a primordial
role here. Instead White is the first one to attack the opponent's pawn
weaknesses on the queenside.} Qc7 21. Qd3 Nc4 22. Be3 g6 {Black is forced now
to waste time for this before castling.} 23. Rec1 b5 ({Sacrificing a pawn
deserved attention:} 23... O-O 24. Bxb7 Qxb7 25. Rxc4 Rxc4 26. Qxc4 Rc8 $44)
24. a4 Qd8 {White could continue to play on a much better endgame.} (24... O-O
25. axb5 axb5 26. Ra7 Qd8 27. Qxd8 (27. Rd7 Qe8) 27... Bxd8 28. Rb7 Bh4 $1 29.
Rxb5 (29. Bc5 $142 $16) 29... Nxe3 30. Rxc8 Rxc8 31. fxe3 Rc3 $132) (24... Qd8
25. Qxd8+ Rxd8 (25... Kxd8 26. Bb7) (25... Bxd8 26. Bb7) 26. Bc6+ Kf8 27. Bc5
$1 Bxc5 28. bxc5 Nd2 29. axb5 axb5 30. Ra2 Nb3 31. Rc3 Nd4 32. Be4 Kg7 33. c6 {
with clear advantage for White thanks to his strong c-pawn.}) 1/2-1/2

[Event "Vidmar Memorial 14th"]
[Site "Portoroz"]
[Date "2001.07.07"]
[Round "5"]
[White "Pavasovic, Dusko"]
[Black "Gelfand, Boris"]
[Result "1/2-1/2"]
[WhiteElo "2539"]
[BlackElo "2714"]
[Annotator "Rogozenco,D"]
[PlyCount "36"]
[EventDate "2001.07.03"]
[EventType "tourn"]
[EventRounds "9"]
[EventCountry "SLO"]
[EventCategory "14"]
[SourceTitle "CBM 085"]
[Source "ChessBase"]
[SourceDate "2001.11.13"]
[SourceVersion "1"]
[SourceVersionDate "2001.11.13"]
[SourceQuality "1"]

1. e4 c5 2. c3 Nf6 3. e5 Nd5 4. d4 cxd4 5. Nf3 Nc6 6. cxd4 d6 7. Bc4 Nb6 8. Bb3
dxe5 9. d5 Na5 10. Nc3 f6 {This interesting alternative to 10. ... Nxb3 needs
more practical tests in order to make the final verdict. White has certainly
good compensation for the pawn, the question is whether it is enough to get a
sensible advantage or not.} (10... Nxb3 {The main option.} 11. Qxb3 e6 12. Nxe5
exd5 13. Be3 Bd6 14. Qb5+ Kf8 (14... Bd7 15. Nxd7 Qxd7 16. O-O-O Qxb5 17. Nxb5
Kd7 18. Bxb6 axb6 19. Rxd5 Kc6 20. Rhd1 Bc5 21. Nc3 Rhe8 22. a3 $14 {Pavasovic,
D-Panchenko,A/Pula CRO 2001}) 15. Nf3 (15. O-O-O Be6 {and in this sharp
position White has compensation for the pawn, but not more than that.}) 15...
Be6 16. O-O {The plan with castle short is in my opinion better than 0-0-0.} h6
17. Rad1 Kg8 18. Bd4 $44 {1/2-1/2 Sermek,D-Tratar,M/St Veit 2000 (30)}) 11. O-O
g6 (11... Bd7 $5 12. Be3 Rc8) 12. Be3 Bg7 13. Bc5 (13. Rc1 O-O (13... Bd7 14.
Bxb6 axb6 15. Ba4 Nc4 16. Bxd7+ Qxd7 17. d6 Bh6 18. Nd5 $1 $13 {0-1
Tischbierek,R-Macieja,B/Willemstad, Curacao AHO 2001/ (54)}) 14. d6+ Kh8 15.
dxe7 Qxe7 16. Nd5 $16 {1-0 Rausis,I-Bratanov,Z/Porto San Giorgio 2000/ (39)})
13... Bg4 $146 (13... Bd7 14. Ne4 Nxb3 15. Qxb3 Na4 16. Rac1 O-O 17. d6+ e6 18.
Be3 b6 19. Rc7 h6 (19... f5 20. Neg5 $16) 20. Rfc1 $44 {1-0 Bergez,L-Palac,M/
Montpellier 2000 (31)}) (13... Kf7 $5 14. Re1 Nbc4 15. Ne4 Bf5 16. d6 e6 $13 {
1/2-1/2 Rausis,I-Mueller,O/Germany 1995 (44)}) 14. h3 (14. Bxb6 axb6 $1 (14...
Qxb6 $2 15. Ba4+ $36 Kd8 (15... Bd7 16. Bxd7+ Kxd7 17. Qa4+ $16) (15... Kf8 16.
Nxe5 $1) (15... Kf7 $2 16. Nxe5+) 16. h3 $44) 15. Ba4+ Bd7) 14... Bxf3 15. Qxf3
Nxb3 16. axb3 O-O 17. Rfd1 Qd7 (17... Nc8 18. d6 $5 Nxd6 19. Bxd6 exd6 20. Qxb7
$44) (17... Rf7 18. d6 exd6 19. Rxd6 $44) 18. d6 $1 exd6 {Pity the players
agreed to a draw. The position is full of possibilities and both sides have
could have their reasons to continue the fight.} (18... exd6 19. Rxd6 Qf7 (
19... Qc7 20. b4 f5 21. Nb5 Qf7 22. Qd1 $44 {[%csl Ra7,Rb6][%cal Gc5f8]}) 20.
Ne4 $5 $44) 1/2-1/2

[Event "POL Supercup"]
[Site "Warsaw"]
[Date "2001.06.23"]
[Round "1"]
[White "Jakubiec, Artur"]
[Black "Blehm, Pawel"]
[Result "1/2-1/2"]
[WhiteElo "2482"]
[BlackElo "2530"]
[Annotator "Rogozenco,D"]
[PlyCount "48"]
[EventDate "2001.06.23"]
[EventType "team"]
[EventRounds "2"]
[EventCountry "POL"]
[SourceTitle "CBM 084"]
[Source "ChessBase"]
[SourceDate "2001.09.13"]
[SourceVersion "1"]
[SourceVersionDate "2001.09.13"]
[SourceQuality "1"]

1. e4 c5 2. c3 Nf6 3. e5 Nd5 4. g3 d6 5. exd6 e6 6. Bg2 Bxd6 7. Nf3 O-O 8. d4
Nc6 9. O-O cxd4 10. Nxd4 Nxd4 11. Qxd4 Qc7 {Most precise move. The position is
equal and I wonder why some players still keep playing it with White.
Nowardays the line with g3 in 2.c3-Sicilian lost its attractiveness because
Black has found several clear ways to neutralize White's opening advantage.}
12. Nd2 Bd7 13. Ne4 (13. Nf3 $6 {With some attacking ideas like Qh4 and Ng5
simply does not work. For instance:} Bc6 14. c4 e5 $1 (14... Ne7 $2 15. c5) (
14... Nf6 $5 15. c5 Be7 16. Bf4 $13) 15. Qh4 Nf6 16. Bg5 Ne4 $140 $15 17. Nxe5
Bxe5 18. Bxe4 h6 $1 19. Bf5 Rfe8 20. Bc1 Rad8 $17) 13... Be5 14. Qc5 (14. Qd3
a6 15. Re1 Bb5 16. Qf3 Bc6 $11 {1-0 Rozentalis,E-Tkachiev,V/Hastings 1997 (45)}
) 14... Qxc5 {Strictly speaking a novelty, which leads to immediate draw.} (
14... Qb8 15. Qc4 Bc6 16. Qe2 Qc7 17. f4 Bf6 18. Nxf6+ Nxf6 19. Be3 Bxg2 20.
Kxg2 Qc6+ 21. Qf3 Ne4 22. Rfd1 Rfd8 23. Kg1 a6 {1/2-1/2 Garagulya,K-Ionov,S/
Smolensk 2000/CBM 77 (23)}) (14... Bc6 15. f4 b6 16. Qc4 Bd6 17. f5 exf5 18.
Rxf5 Ne7 19. Nxd6 Qxd6 20. Bf4 Qd7 21. Bxc6 Qxc6 22. Qxc6 Nxc6 23. Rd5 $14 {
1/2-1/2 Marciano,D-Lejeune,J/France 1997 (78)}) 15. Nxc5 Bc6 16. Nd3 Bf6 17.
Nf4 {White plays for a draw. On the other hand there was nothing better anyway.
} Rfd8 18. Nxd5 Bxd5 19. Be3 $11 Kf8 20. Rfd1 Bxg2 21. Kxg2 a6 22. Bb6 Rxd1 23.
Rxd1 Ke8 24. Kf3 Rc8 1/2-1/2

[Event "Vidmar Memorial 14th"]
[Site "Portoroz"]
[Date "2001.07.03"]
[Round "1"]
[White "Sermek, Drazen"]
[Black "Gelfand, Boris"]
[Result "0-1"]
[WhiteElo "2579"]
[BlackElo "2714"]
[Annotator "Rogozenco,D"]
[PlyCount "58"]
[EventDate "2001.07.03"]
[EventType "tourn"]
[EventRounds "9"]
[EventCountry "SLO"]
[EventCategory "14"]
[SourceTitle "CBM 085"]
[Source "ChessBase"]
[SourceDate "2001.11.13"]
[SourceVersion "1"]
[SourceVersionDate "2001.11.13"]
[SourceQuality "1"]

1. e4 c5 2. c3 Nf6 3. e5 Nd5 4. Nf3 Nc6 5. Bc4 Nb6 6. Bb3 d5 7. exd6 Qxd6 8.
O-O Be6 9. Na3 Bxb3 10. Qxb3 (10. axb3 Qd3 11. Re1 e6 12. Re3 Qd7 13. Nc4 Nxc4
14. bxc4 Rd8 $15 {0-1 Christiansen,L-Seirawan,Y/Chandler 1997/ (33)}) 10... Qd3
$1 $146 {This natural move is a good novelty. Quite strange that nobody played
it before, because after 10.axb3 Qd3! is well-known to be good.} (10... Qd5 11.
d4 cxd4 12. Nb5 Rc8 13. Nfxd4 Nxd4 14. Nxd4 e6 {leads to a slightly better
position for White, which usually arises from the different move order: 8.d4
cxd4 9.0-0 Be6 10.Na3 Bxb3 11.Qxb3 Qd5 12.Nb5 Rc8 13.Nfxd4.}) (10... e6 11. d4
cxd4 12. Nb5 Qb8 13. Nbxd4 Be7 14. Nxc6 bxc6 15. Qc2 Nd5 16. c4 Nf6 17. b3 $14
{1-0 Rytshagov,M-Maidla,V/FIN 1995/ (62)}) 11. Qb5 (11. Re1 e6 (11... c4 12.
Qb5 O-O-O 13. Re3 Qd5 14. b3 $13) 12. Re3 Qd7 13. d3 $15) 11... O-O-O 12. Ng5
$2 (12. Qxc5 e5 13. Qe3 Bxa3 14. bxa3 Nc4 {and even being a pawn down, Black's
position is more attractive due to the multiple weaknesses in White's camp.}) (
12. b3 e5 13. Re1 f6 (13... e4 14. Qxd3 (14. Ng5 $2 Qd5 $1 15. Nxe4 Re8 $19)
14... exd3 $13 15. Ng5 Rd7 16. Re8+ Rd8 $11 (16... Kc7 $4 17. Nb5#))) 12... c4
$1 $19 {Suddenly White loses material because there is no defence against Rd5.}
13. Nxf7 Rd5 14. Nxh8 e5 $1 {Very nice move, although not absolutely necessary.
Black creates the threat Bxa3 and Rxb5. The simple 14. ... Rxcb5 wins as well,
but the game move is even stronger.} (14... Rxb5 15. Nxb5 e5 16. Re1 Qd5 17.
Nd4 Nd8 $1 $19) 15. b3 (15. Re1 Bxa3 16. Qxd5 Qxd5 17. bxa3 Qg8 $19 {[%csl Rc1]
}) 15... Rxb5 (15... Bxa3 {Also possible, but here was no point to help White
developing pieces.} 16. Qxd5 Qxd5 17. Bxa3 Qg8 18. f4 e4 {and Black is winning
anyway.}) 16. Nxb5 cxb3 17. Na3 bxa2 18. Rxa2 (18. Nf7 Qg6 $19) 18... Qd5 19.
Ra1 Qg8 20. f4 e4 21. Re1 Bc5+ 22. Kh1 Qxh8 23. Rxe4 Qd8 24. d4 Qd5 25. Re2 Bd6
26. Rb1 Qf5 27. Re1 Qd3 28. Bb2 Na4 29. Red1 Qa6 0-1